| 000 | 01441cam a2200373 i 4500 | ||
|---|---|---|---|
| 999 |
_c41489 _d41489 |
||
| 001 | 20058386 | ||
| 003 | OSt | ||
| 005 | 20220723122450.0 | ||
| 008 | 171011s2019 nyua b 001 0 eng | ||
| 010 | _a 2017048641 | ||
| 020 | _a9789354491047 | ||
| 020 | _a9780133128901 (hardback) | ||
| 020 | _a0133128903 (hardback) | ||
| 040 |
_aDLC _beng _cDLC _erda _dDLC |
||
| 042 | _apcc | ||
| 050 | 0 | 0 |
_aQA76.9.D343 _bT35 2019 |
| 082 | 0 | 0 |
_a006.312 _bTAN/I |
| 100 | 1 |
_aTan, Pang-Ning _eauthor. _99059 |
|
| 245 | 1 | 0 |
_aIntroduction to data mining / _cPang-Ning Tan, Michigan State University, Michael Steinbach, University of Minnesota, Anuj Karpatne, University of Minnesota, Vipin Kumar, University of Minnesota. |
| 250 | _aSecond edition. | ||
| 264 | 1 |
_aIndia : _bPearson, _c[2022] |
|
| 300 |
_a 856 pages : _billustrations ; _c24 cm |
||
| 336 |
_atext _btxt _2rdacontent |
||
| 337 |
_aunmediated _bn _2rdamedia |
||
| 338 |
_avolume _bnc _2rdacarrier |
||
| 504 | _aIncludes bibliographical references and indexes. | ||
| 650 | 0 | _aData mining. | |
| 700 | 1 |
_aSteinbach, Michael _eauthor. _99060 |
|
| 700 | 1 |
_aKarpatne, Anuj _eauthor. _99061 |
|
| 700 | 1 |
_aKumar, Vipin, _d1956- _eauthor. _99062 |
|
| 906 |
_a7 _bcbc _corignew _d1 _eecip _f20 _gy-gencatlg |
||
| 942 |
_2ddc _cBK _h006.312 _iTAN/I _k006.312 _mTAN/I |
||